[Event "COL-ch sf2 U16"]
[Site "Bocagrande"]
[Date "2019.05.11"]
[Round "5.11"]
[White "Olivera Tejedor, Gabriel"]
[Black "Florez Hernandez, Bairon"]
[Result "0-1"]
[WhiteElo "1549"]
[BlackElo "1353"]
[PlyCount "50"]
[EventDate "2019.05.09"]
[EventType "swiss"]
[EventRounds "6"]
[EventCountry "COL"]
[SourceTitle "EXT 2024"]
[Source "ChessBase"]
[SourceDate "2023.10.10"]
[SourceVersion "1"]
[SourceVersionDate "2023.10.10"]
[SourceQuality "1"]

1. e4 e5 2. Nc3 Nf6 3. g3 Nc6 4. Bg2 Bc5 5. Nge2 d6 6. 0-0 Be6 7. Na4 Qd7 8. Nxc5 dxc5 9. c3 0-0 10. f4 exf4 11. Rxf4 Bh3 12. Bxh3 Qxh3 13. Qf1 Qxf1+ 14. Rxf1 Nxe4 15. d4 cxd4 16. cxd4 Rfe8 17. Bf4 Nf6 18. Rfe1 Nb4 19. Rad1 Nc2 20. Rf1 Rxe2 21. Rf2 Rxf2 22. Kxf2 Nb4 23. Bxc7 Nxa2 24. Bd6 Ne4+ 25. Kf3 Nxd6 0-1

[Event "COL-ch U16"]
[Site "Cartagena"]
[Date "2018.05.15"]
[Round "1"]
[White "Florez Hernandez, Bairon"]
[Black "Hernandez, Jeronimo"]
[Result "0-1"]
[WhiteElo "1395"]
[BlackElo "1789"]
[PlyCount "56"]
[EventDate "2018.05.15"]
[EventType "k.o."]
[EventRounds "9"]
[EventCountry "COL"]
[SourceTitle "CBM 184 Extra"]
[Source "ChessBase"]
[SourceDate "2018.06.28"]
[SourceVersion "1"]
[SourceVersionDate "2018.06.28"]
[SourceQuality "1"]

1. e4 c6 2. c3 d5 3. e5 Bf5 4. Nf3 e6 5. d4 Nd7 6. Be3 Ne7 7. Nbd2 c5 8. dxc5 Nc6 9. b4 Ncxe5 10. Nxe5 Nxe5 11. Bd4 Nd7 12. Qa4 f6 13. Bb5 e5 14. Be3 Be7 15. 0-0 0-0 16. c6 Nb6 17. Bxb6 axb6 18. Qb3 Qd6 19. cxb7 Ra7 20. a3 Rxb7 21. c4 Be6 22. cxd5 Bxd5 23. Bc4 Rd7 24. Bxd5+ Qxd5 25. Qxd5+ Rxd5 26. Rfd1 Rfd8 27. Ra2 f5 28. f3 Bg5 0-1

[Event "COL-ch U16 sf1"]
[Site "Riohacha"]
[Date "2018.03.10"]
[Round "6.6"]
[White "Hoyos Garces, Rosana"]
[Black "Florez Hernandez, Bairon"]
[Result "1-0"]
[WhiteElo "1601"]
[BlackElo "1406"]
[PlyCount "61"]
[EventDate "2018.03.07"]
[EventType "swiss"]
[EventRounds "6"]
[EventCountry "COL"]
[SourceTitle "EXT 2024"]
[Source "ChessBase"]
[SourceDate "2023.10.10"]
[SourceVersion "1"]
[SourceVersionDate "2023.10.10"]
[SourceQuality "1"]

1. Nf3 Nc6 2. d4 d5 3. e3 Nf6 4. c4 Be6 5. c5 Bd7 6. Nc3 e6 7. a3 b6 8. b4 a5 9. b5 Na7 10. c6 Bc8 11. a4 Bb4 12. Bd2 Qe7 13. Bd3 Ng4 14. h3 Nh6 15. 0-0 f6 16. Re1 0-0 17. e4 dxe4 18. Rxe4 e5 19. Nd5 Qd6 20. Nxb4 axb4 21. Bc4+ Nf7 22. dxe5 fxe5 23. Bxb4 Qxd1+ 24. Rxd1 Re8 25. Rxe5 Rf8 26. Ng5 g6 27. Nxf7 Rxf7 28. Re8+ Kg7 29. Bc3+ Rf6 30. Rg8+ Kh6 31. Bxf6 1-0

[Event "COL-ch U16 sf1"]
[Site "Riohacha"]
[Date "2018.03.09"]
[Round "5.9"]
[White "Pineda Saumeth, Vanessa Isabel"]
[Black "Florez Hernandez, Bairon"]
[Result "0-1"]
[WhiteElo "1600"]
[BlackElo "1406"]
[PlyCount "33"]
[EventDate "2018.03.07"]
[EventType "swiss"]
[EventRounds "6"]
[EventCountry "COL"]
[SourceTitle "EXT 2024"]
[Source "ChessBase"]
[SourceDate "2023.10.10"]
[SourceVersion "1"]
[SourceVersionDate "2023.10.10"]
[SourceQuality "1"]

1. e4 e5 2. Nf3 Nc6 3. Bc4 Nf6 4. Ng5 d5 5. exd5 Nxd5 6. Qh5 g6 7. Nxf7 Qf6 8. Qf3 Qxf3 9. gxf3 Kxf7 10. Bxd5+ Be6 11. Bxe6+ Kxe6 12. Nc3 Nd4 13. 0-0 Nxf3+ 14. Kh1 Nd4 15. Ne4 Nxc2 16. Rb1 Be7 17. d3 0-1

[Event "COL-ch U16 sf1"]
[Site "Riohacha"]
[Date "2018.03.08"]
[Round "2.14"]
[White "Florez Hernandez, Bairon"]
[Black "Vargas Viscaino, Jesus Daniel"]
[Result "0-1"]
[WhiteElo "1406"]
[BlackElo "1566"]
[PlyCount "129"]
[EventDate "2018.03.07"]
[EventType "swiss"]
[EventRounds "6"]
[EventCountry "COL"]
[SourceTitle "EXT 2024"]
[Source "ChessBase"]
[SourceDate "2023.10.10"]
[SourceVersion "1"]
[SourceVersionDate "2023.10.10"]
[SourceQuality "1"]

1. e4 c5 2. Nf3 d6 3. Nc3 g6 4. d4 cxd4 5. Qxd4 Nf6 6. e5 dxe5 7. Qxd8+ Kxd8 8. Nxe5 Ke8 9. Bb5+ Nbd7 10. Bf4 a6 11. Bxd7+ Nxd7 12. Nxd7 Bxd7 13. 0-0-0 e6 14. Ne4 Be7 15. Nd6+ Bxd6 16. Rxd6 Ke7 17. Rhd1 Bc6 18. g3 f6 19. Be3 Rad8 20. Bc5 Rxd6 21. Bxd6+ Kf7 22. f4 Rd8 23. Bc5 Rxd1+ 24. Kxd1 e5 25. fxe5 fxe5 26. Ke2 Ke6 27. Ke3 Kd5 28. Bf8 Ke6 29. c3 Kf5 30. b4 b5 31. Bh6 Kg4 32. Bg7 Kf5 33. h3 h5 34. Bf8 g5 35. Be7 g4 36. h4 Ke6 37. Bc5 Kd5 38. Kd3 a5 39. a3 a4 40. Bb6 e4+ 41. Ke3 Kc4 42. Bd4 Kb3 43. Kf4 Kxa3 44. Kg5 Be8 45. Kf4 Kb3 46. Kxe4 a3 47. Kd3 a2 48. c4 bxc4+ 49. Kd2 Kxb4 50. Kc2 Bg6+ 51. Kb2 Bb1 52. Be5 Kc5 53. Bc3 Kd5 54. Ka3 Ke4 55. Kb4 Kd3 56. Be5 Bc2 57. Ka3 Bb3 58. Kb2 Ke4 59. Bc3 Kf3 60. Be5 Ke4 61. Bc3 Kd3 62. Be5 c3+ 63. Bxc3 a1Q+ 64. Kxa1 Kxc3 65. Kb1 0-1

[Event "COL-ch sf2 U16"]
[Site "Cartagena"]
[Date "2016.04.30"]
[Round "4.9"]
[White "Florez Hernandez, Bairon"]
[Black "Angulo Castillo, Francisco"]
[Result "0-1"]
[WhiteElo "1460"]
[BlackElo "1600"]
[PlyCount "42"]
[EventDate "2016.04.28"]
[EventType "swiss"]
[EventRounds "6"]
[EventCountry "COL"]
[SourceTitle "EXT 2024"]
[Source "ChessBase"]
[SourceDate "2023.10.10"]
[SourceVersion "1"]
[SourceVersionDate "2023.10.10"]
[SourceQuality "1"]

1. e4 e5 2. Nf3 Nc6 3. d4 exd4 4. Nxd4 Bc5 5. Nf3 d6 6. Bg5 Nf6 7. Bb5 Bd7 8. 0-0 0-0 9. Nc3 a6 10. Bxc6 Bxc6 11. Nd5 Bxd5 12. exd5 Re8 13. Re1 Rxe1+ 14. Qxe1 h6 15. Bxf6 Qxf6 16. b4 Bxb4 17. Qxb4 Qxa1+ 18. Ne1 Re8 19. Kf1 Qxa2 20. g3 Qxd5 21. c4 Qh1# 0-1